| Tag |
First Indicator |
Second Indicator |
Subfields |
| LEADER |
00000pam a2200000 a 4500 |
| 001 |
in00000524813 |
| 005 |
20151013092013.0 |
| 008 |
820927s1983 nyua j 00110 eng |
| 010 |
|
|
|a 82018461
|
| 020 |
|
|
|a 0668055197
|
| 035 |
|
|
|a (OCoLC)08865938
|
| 035 |
|
|
|9 ACF9726AM
|
| 039 |
0 |
|
|a 2
|b 3
|c 3
|d 3
|e 3
|
| 040 |
|
|
|a DLC
|c DLC
|d TXA
|d UtOrBLW
|
| 049 |
|
|
|a TXAM
|c [1120271]
|
| 050 |
0 |
0 |
|a QP376
|b .C658 1983
|
| 082 |
0 |
|
|a 612/.82
|2 19
|
| 100 |
1 |
|
|a Corrick, James A.
|
| 245 |
1 |
4 |
|a The human brain :
|b mind and matter /
|c James A. Corrick.
|
| 264 |
|
1 |
|a New York :
|b Arco,
|c [1983]
|
| 264 |
|
4 |
|c ©1983
|
| 300 |
|
|
|a xiii, 192 pages :
|b illustrations ;
|c 24 cm.
|
| 336 |
|
|
|a text
|b txt
|2 rdacontent
|
| 337 |
|
|
|a unmediated
|b n
|2 rdamedia
|
| 338 |
|
|
|a volume
|b nc
|2 rdacarrier
|
| 490 |
1 |
|
|a The Arco how it works series
|
| 500 |
|
|
|a Includes index.
|
| 520 |
|
|
|a Explores such topics as intelligence and memory, sleep, brain waves, right/left coordination, pain, biofeedback, phrenology, memory transplants, psychic powers, and brain research and technology.
|
| 650 |
|
0 |
|a Brain
|v Juvenile literature.
|
| 650 |
|
1 |
|a Brain.
|
| 830 |
|
0 |
|a Arco how it works series.
|
| 999 |
|
|
|a MARS
|
| 999 |
f |
f |
|s 6f5f1bc6-2009-3768-a11e-cffd9916c854
|i dc906f14-41cd-358b-9b53-59ae57e70e30
|t 0
|
| 952 |
f |
f |
|p ric
|a Texas A&M University
|b Rellis Campus
|c Joint Library Facility
|d Remote Storage
|t 0
|e QP376 .C658 1983
|h Library of Congress classification
|i unmediated -- volume
|m A14808066251
|
| 998 |
f |
f |
|a QP376 .C658 1983
|t 0
|l Remote Storage
|